00520 a2200169 4500010001400000020002300014035001300037037001800050082001600068100002000084245007600104260005000180270004400230300002900274500002000303700002700323 aENG-86039 a007062089Xc600.00 aEN-69572 bD.B.Act / Pub14a621.38154861 aSicard, Etienne1 aAdvanced CMOS cell design /cby Etienne Sicard and Sonia Delmas Bendhia aNew DelhibTata Mc-Graw Hill Publishingc2007 a7, West Patel NagarbNew Delhie110 008 axv, 364 p.c24 cm. (Hb.) aIncludes index aBendhia, Sonia Delmas